Tous les items dans Granny 1, 2 et 3 - Statistiques

Statistiques générales
  • Ce quiz a été pris 2 fois
  • Le résultat moyen est 80 sur 89
Statistiques - réponses
Items % Correct
Accelerator
100%
Ammo
100%
Ammo
100%
Ammo
100%
Battery
100%
Bird seed
100%
Boat key
100%
Book
100%
Bridge crank
100%
Car battery
100%
Car key
100%
Chain cutter
100%
Coconut
100%
Cogwheel
100%
Coin
100%
Crossbow
100%
Crowbar
100%
Crowbar
100%
Cutting pliers
100%
Cutting pliers
100%
Door handle
100%
Door lock
100%
Duct tape
100%
Electric switch
100%
Engine part
100%
Freeze trap
100%
Fuse
100%
Gasoline can
100%
Gasoline can
100%
Hammer
100%
Hand grenade
100%
Hand wheel
100%
Helicopter key
100%
Helicopter manual
100%
Master key
100%
Meat
100%
Meat
100%
Melon
100%
Padlock code
100%
Padlock key
100%
Padlock key
100%
Padlock key
100%
Pepper spray
100%
Playhouse key
100%
Rusty padlock key
100%
Safekey
100%
Safe key
100%
Safe key
100%
Screwdriver
100%
Security key
100%
Shotgun
100%
Shotgun
100%
Shotgun
100%
Slingshot
100%
Spark plug
100%
Spark plug
100%
Special key
100%
Special key
100%
Stone
100%
Stun gun
100%
Stun gun ammo
100%
Teddy
100%
Teddy
100%
Train key
100%
Tranquilizer dart
100%
Vase
100%
Wheel crank
100%
Winch handle
100%
Wooden stick
100%
Wrench
100%
Wrench
100%
Boat steering wheel
50%
Door activator
50%
Firewood
50%
Generator cable
50%
Glass fuse
50%
Matches
50%
Piece of painting
50%
Piece of picture
50%
Plank
50%
Plank
50%
Remote control
50%
Shed key
50%
Spider key
50%
Train ticket
50%
Weapon key
50%
Weapon key
50%
Weapon key
50%
Lock pick
0%
Aucun quiz correspondant
Distribution des résultats
% des personnes avec chaque résultat
Percentile par nombre de réponses
Votre historique - résultats
Vous n’avez pas pris ce quiz